[Event "Coppa del Mondo FIDE 2013"]
[Site "Tromsø"]
[Date "01.09.2013"]
[Round "7.3"]
[White "Kramnik, Vladimir"]
[Black "Andreikin, Dmitry"]
[Result "1/2-1/2"]
[WhiteTitle "GM"]
[BlackTitle "GM"]
[WhiteElo "2784"]
[BlackElo "2716"]
[WhiteFideId "4101588"]
[BlackFideId "4158814"]
[EventDate "2013.08.11"]

1. d4 d5 2. Nf3 Nf6 3. c4 c6 4. Nc3 a6 5. e3 e6 6. b3 c5 7. Bb2 cxd4 8. Nxd4 Bb4
9. Nc2 Ba5 10. Be2 O-O 11. O-O dxc4 12. Qxd8 Rxd8 13. Bxc4 Nc6 14. Rfd1 Bd7 15.
Na4 b5 16. Nc5 bxc4 17. Bxf6 gxf6 18. Nxd7 Bc3 19. Rab1 Ra7 20. Nc5 Rxd1+ 21.
Rxd1 Nb4 22. Nxb4 Bxb4 23. Rd8+ Kg7 24. Rc8 Bxc5 25. Rxc5 cxb3 26. axb3 Rb7 27.
Rc3 1/2-1/2